LEADER 01271nam a2200301 4500 001 000000334294 003 CaOOAMICUS 005 20190823175411.0 008 190624s2008 it a 000 u ita r 020 $a978-88-452-6008-7 040 $aSeMil$bita 100 1 $aGore, Al.$0(OLS)http://semarc/name/109759 240 10$aEarth in the balance.$0(OLS)http://semarc/title/423916 245 13$aLa Terra in bilico /$cAl Gore ; traduzione di Giampiero Cara. 264 1$aMilano :$bBompiani,$c2008. 300 $aXX, 564 p. :$bill. ;$c21 cm 490 1 $aSaggi Bompiani 650 4$aInquinamento - Controllo.$0(OLS)http://semarc/subject/48636 650 4$aAmbiente naturale - Protezione.$0(OLS)http://semarc/subject/16008 700 1 $aCara, Giampiero,$etraduttore.$0(OLS)http://semarc/name/109760 830 0$aSaggi Bompiani.$0(OLS)http://semarc/title/10367 850 $aSeMil 852 $aSeMil$W1$xVenegono$y1$m3XC V 2$j216904$B226543$CSeMilBibl$Z2$F226543 $81 961 $aAntonelli don Mario - Omaggio 996 $6020$a978-88-452-6008-7$9(OLS)http://semarc/number/287688 996 $6245$aLa Terra in bilico$9(OLS)http://semarc/title/423917 996 $6264$aMilano :$bBompiani$9(OLS)http://semarc/publisher/29706 LEADER 02039nam a2200409 i 4500 001 000000030816 003 CaOOAMICUS 005 20251028085730.0 008 180830s1821 it u000 u ita u 040 $aSeMil$bita 100 1 $aNovaes, Giuseppe : da,$d.$0(OLS)http://semarc/name/14224 245 10$aElementi della storia de' sommi pontefici da san Pietro sino al felicemente regnante Pio papa 7. ed alla santità sua dedicati per l'uso de' giovani studiosi, raccolti dal canonico Giuseppe de Novaes patrizio portoghese. Tomo 1. [-16. parte 2.]. 250 $aTerza edizione corretta ed ampliata. 264 1$aRoma :$bPresso Francesco Bourlié : si vende da Domenico Minù, incontro al Caravita num. 177,$c1821. 300 $a17 v. ;$c8°. 700 1 $aBourliè, Francesco,$c.$0(OLS)http://semarc/name/12489 700 1 $aMinù, Domenico,$c.$0(OLS)http://semarc/name/14225 774 0 $tTomo 1.$g1$w()234989 774 0 $tTomo 2.$g2$w()234990 774 0 $tTomo 3.$g3$w()234991 774 0 $tTomo 4.$g4$w()234993 774 0 $tTomo 5.$g5$w()234994 774 0 $tTomo 6.$g6$w()235001 774 0 $tTomo 7.$g7$w()234999 774 0 $tTomo 8.$g8$w()235000 774 0 $tTomo 9.$g9$w()234998 774 0 $tTomo 10.$g10$w()234997 774 0 $tTomo 11.$g11$w()235002 774 0 $tTomo 12.$g12$w()235006 774 0 $tTomo 13.$g13$w()235005 774 0 $tTomo 14.$g14$w()235003 774 0 $tTomo 15.$g15$w()235004 774 0 $tTomo 16. Parte 1.$g16$w()235007 774 0 $tTomo 16. Parte 2.$g16$w()235008 996 $6245$aElementi della storia de' sommi pontefici da san Pietro sino al felicemente regnante Pio papa 7. ed alla santità sua dedicati per l'uso de' giovani studiosi, raccolti dal canonico Giuseppe de Novaes patrizio portoghese. Tomo 1. [-16. parte 2.]$9(OLS)http://semarc/title/41937 996 $6264$aRoma :$bPresso Francesco Bourlié : si vende da Domenico Minù, incontro al Caravita num. 177$9(OLS)http://semarc/publisher/61160